| 000 | 00639nam a2200217Ia 4500 | ||
|---|---|---|---|
| 003 | OSt | ||
| 005 | 20220925203006.0 | ||
| 006 | a|||||r|||| 00| 0 | ||
| 007 | ta | ||
| 008 | 220923b |||||||| |||| 00| 0 eng d | ||
| 037 | _cGeneral Book | ||
| 040 |
_aRTL _cRTL _beng |
||
| 041 |
_2eng _aeng |
||
| 082 | _aT4.281.e4,d,(X:8F).N51<--N50, J1/GD | ||
| 110 | _aUniversity of Delhi | ||
| 245 | 0 | _aAnnual accounts for 1950- 51 | |
| 260 |
_aDelhi _bUniversity of Delhi India _c1950 |
||
| 700 | _aUniversity of Delhi | ||
| 942 |
_hT4.281.e4,d,(X:8F).N51<--N50, J1/GD _cGB _2CC |
||
| 999 |
_c544884 _d544884 |
||